Overseas legends. The porcelain crawfish /

Today, there is in our ordinary and structured world, people who are now shaping the legends of tomorrow, thanks to their direct contact with nature: fishermen, hunters, nature keepers ... Let us embark on their fantastic adventures.

Bibliographic Details
Other Authors: Givry, Edgar (Narrator), Queyrat, Jean (Director)
Format: Video
Language:English
Language Notes:This edition in English.
Published: Paris, Ile-de-France : ZED, 1996.
Series:Ethnographic video online, volume 1
Subjects:
Online Access:Connect to this streaming video (Alexander Street Press)

MARC

Tag First Indicator Second Indicator Subfields
LEADER 00000cgm a2200000Ma 4500
001 in00005550621
006 m o c
007 vz |zazu|
008 140312s1996 fr 027 g o vueng d
005 20241201230612.6
035 |a (OCoLC)ocn877874646 
040 |a ALSTP  |b eng  |e pn  |c ALSTP  |d OCLCO  |d COO  |d OCLCO  |d OCLCF  |d CUS  |d U3G  |d VLB  |d EUW  |d OCLCO  |d OCL  |d OCLCQ  |d OCLCO  |d CUS  |d OCLCQ  |d OCLCO  |d NRC  |d CSF  |d EZ9  |d INT  |d OCLCQ  |d WYU  |d YOU  |d TKN  |d OCLCQ  |d OCLCO  |d OCLCL 
019 |a 1085186468 
035 |a (OCoLC)877874646  |z (OCoLC)1085186468 
050 4 |a SH380.9  |b .O93 1996ev 
049 |a TXAM 
245 0 0 |a Overseas legends.  |p The porcelain crawfish /  |c directed by Jean Queyrat. 
246 3 |a Porcelain crawfish 
260 |a Paris, Ile-de-France :  |b ZED,  |c 1996. 
300 |a 1 online resource (video file (27 min.)) :  |b sound, color 
306 |a 002652 
336 |a two-dimensional moving image  |b tdi  |2 rdacontent 
337 |a computer  |b c  |2 rdamedia 
338 |a online resource  |b cr  |2 rdacarrier 
344 |a digital  |2 rda 
347 |a streaming video file  |2 rda 
490 0 |a Ethnographic video online, volume 1 
500 |a Title from resource description page (viewed Mar. 12, 2014). 
520 |a Today, there is in our ordinary and structured world, people who are now shaping the legends of tomorrow, thanks to their direct contact with nature: fishermen, hunters, nature keepers ... Let us embark on their fantastic adventures. 
546 |a This edition in English. 
650 0 |a Crayfish. 
650 2 |a Astacoidea 
650 6 |a Écrevisses. 
650 7 |a Crayfish.  |2 fast  |0 (OCoLC)fst00882308 
655 2 |a Documentaries and Factual Films 
655 4 |a Online media. 
655 7 |a Documentary films.  |2 fast  |0 (OCoLC)fst01710390 
655 7 |a Nonfiction films.  |2 fast  |0 (OCoLC)fst01710269 
655 7 |a Nonfiction films.  |2 lcgft 
655 7 |a Documentary films.  |2 lcgft 
655 7 |a Films autres que de fiction.  |2 rvmgf 
655 7 |a Documentaires.  |2 rvmgf 
700 1 |a Givry, Edgar,  |e narrator.  |4 nrt 
700 1 |a Queyrat, Jean,  |e film director.  |4 drt 
710 2 |a Deutsche Stiftung für Internationale Entwicklung.  |b Zentralstelle für Erziehung, Wissenschaft und Dokumentation,  |e production company. 
758 |i has work:  |a Overseas legends The porcelain crawfish (MovingImage)  |1 https://id.oclc.org/worldcat/entity/E39PCGQw8xmgvHf3GCY4byjDMP  |4 https://id.oclc.org/worldcat/ontology/hasWork 
856 4 0 |u http://proxy.library.tamu.edu/login?url=https://www.aspresolver.com/aspresolver.asp?AVN2;1870840  |z Connect to this streaming video (Alexander Street Press)  |t 0 
955 |a Alexander Street Press subscription streaming video 
994 |a 92  |b TXA 
999 f f |s ba0dc478-9e1f-460d-8f37-0950c9e7d4d0  |i 79c6d612-4e3e-46b3-bd55-d3175a3253d6  |t 0 
952 f f |a Texas A&M University  |b College Station  |c Electronic Resources  |d Available Online  |t 0  |e SH380.9 .O93 1996ev  |h Library of Congress classification 
998 f f |a SH380.9 .O93 1996ev  |t 0  |l Available Online